[Event "DEM U10w 2023"]
[Site "Willingen GER"]
[Date "2023.06.02"]
[Round "10"]
[White "Hendler, Felicitas"]
[Black "Bayer, Klara"]
[Result "1/2-1/2"]
[Termination "normal"]
[Board "9"]
[WhiteElo "1049"]
[BlackElo "1043"]
[WhiteClock "00:43:38"]
[BlackClock "00:51:55"]
[PlyCount "55"]
[WhiteFideId "34616519"]
[BlackFideId "34658955"]
[EventCountry "GER"]
[EventRounds "11"]
[EventType "swiss"]
[EventDate "2023.05.27"]

1. e4 {[%clk 01:15:57]} {[%emt 00:00:03]} c5 {[%clk 01:15:55]} {[%emt
00:00:05]} 2. Nf3 {[%clk 01:16:19]} {[%emt 00:00:08]} d6 {[%clk 01:16:11]}
{[%emt 00:00:15]} 3. d4 {[%clk 01:16:40]} {[%emt 00:00:08]} cxd4 {[%clk
01:16:35]} {[%emt 00:00:06]} 4. Nxd4 {[%clk 01:17:05]} {[%emt 00:00:05]} Nf6
{[%clk 01:16:55]} {[%emt 00:00:10]} 5. Nc3 {[%clk 01:17:28]} {[%emt 00:00:07]}
a6 {[%clk 01:17:16]} {[%emt 00:00:09]} 6. Bc4 {[%clk 01:15:38]} {[%emt
00:02:20]} e6 {[%clk 01:17:04]} {[%emt 00:00:41]} 7. O-O {[%clk 01:15:34]}
{[%emt 00:00:35]} Be7 {[%clk 01:17:09]} {[%emt 00:00:23]} 8. Bg5 {[%clk
01:13:32]} {[%emt 00:02:33]} Nbd7 {[%clk 01:16:05]} {[%emt 00:01:35]} 9. Re1
{[%clk 01:10:11]} {[%emt 00:03:51]} Qc7 {[%clk 01:13:36]} {[%emt 00:02:59]} 10.
Bb3 {[%clk 01:10:03]} {[%emt 00:00:37]} b5 {[%clk 01:12:52]} {[%emt 00:01:14]}
11. a3 {[%clk 01:09:43]} {[%emt 00:00:51]} Bb7 {[%clk 01:12:00]} {[%emt
00:01:21]} 12. Rc1 {[%clk 01:08:31]} {[%emt 00:01:42]} O-O {[%clk 01:10:55]}
{[%emt 00:01:35]} 13. Bxe6 {[%clk 01:07:34]} {[%emt 00:01:27]} Nc5 {[%clk
01:06:00]} {[%emt 00:05:25]} 14. Bxf6 {[%clk 01:05:57]} {[%emt 00:02:07]} fxe6
{[%clk 01:04:10]} {[%emt 00:02:20]} 15. Bxe7 {[%clk 01:05:59]} {[%emt
00:00:28]} Qxe7 {[%clk 01:04:18]} {[%emt 00:00:22]} 16. b4 {[%clk 00:57:27]}
{[%emt 00:09:02]} Nd7 {[%clk 01:02:18]} {[%emt 00:02:30]} 17. Qg4 {[%clk
00:55:58]} {[%emt 00:01:59]} e5 {[%clk 01:01:00]} {[%emt 00:01:48]} 18. Qe6+
{[%clk 00:54:07]} {[%emt 00:02:22]} Qxe6 {[%clk 01:01:11]} {[%emt 00:00:19]}
19. Nxe6 {[%clk 00:54:20]} {[%emt 00:00:16]} Rf6 {[%clk 00:59:50]} {[%emt
00:01:51]} 20. Nc7 {[%clk 00:54:23]} {[%emt 00:00:28]} Rc8 {[%clk 00:59:17]}
{[%emt 00:01:01]} 21. N7d5 {[%clk 00:54:34]} {[%emt 00:00:20]} Rf7 {[%clk
00:56:18]} {[%emt 00:03:28]} 22. f3 {[%clk 00:50:53]} {[%emt 00:04:12]} Bxd5
{[%clk 00:54:48]} {[%emt 00:02:00]} 23. Nxd5 {[%clk 00:51:08]} {[%emt
00:00:15]} Nf6 {[%clk 00:53:56]} {[%emt 00:01:22]} 24. Nxf6+ {[%clk 00:49:15]}
{[%emt 00:02:23]} Rxf6 {[%clk 00:53:49]} {[%emt 00:00:37]} 25. Red1 {[%clk
00:46:03]} {[%emt 00:03:43]} Kf7 {[%clk 00:52:13]} {[%emt 00:02:04]} 26. Rd5
{[%clk 00:46:12]} {[%emt 00:00:22]} Rc3 {[%clk 00:52:01]} {[%emt 00:00:41]} 27.
Rd3 {[%clk 00:46:21]} {[%emt 00:00:22]} Rc4 {[%clk 00:51:55]} {[%emt 00:00:35]}
28. Rd5 {[%clk 00:43:38]} {[%emt 00:03:14]} 1/2-1/2

[Event "DEM U10w 2023"]
[Site "Willingen GER"]
[Date "2023.06.02"]
[Round "10"]
[White "Kryvak, Mariia"]
[Black "Kübart, Ela Marie"]
[Result "0-1"]
[Termination "normal"]
[Board "10"]
[WhiteElo "1083"]
[BlackElo "1198"]
[WhiteClock "01:22:08"]
[BlackClock "00:45:14"]
[PlyCount "108"]
[WhiteFideId "34164413"]
[BlackFideId "34633723"]
[EventCountry "GER"]
[EventRounds "11"]
[EventType "swiss"]
[EventDate "2023.05.27"]

1. e4 {[%clk 01:15:59]} e5 {[%clk 01:15:57]} {[%emt 00:00:04]} 2. Nf3 {[%clk
01:16:25]} {[%emt 00:00:04]} Nc6 {[%clk 01:16:21]} {[%emt 00:00:06]} 3. Nc3
{[%clk 01:16:51]} {[%emt 00:00:04]} Nf6 {[%clk 01:16:43]} {[%emt 00:00:08]} 4.
Bc4 {[%clk 01:17:13]} {[%emt 00:00:07]} Bc5 {[%clk 01:17:01]} {[%emt 00:00:13]}
5. O-O {[%clk 01:17:35]} {[%emt 00:00:08]} O-O {[%clk 01:17:26]} {[%emt
00:00:05]} 6. d3 {[%clk 01:18:04]} h6 {[%clk 01:17:41]} {[%emt 00:00:14]} 7.
Bd2 {[%clk 01:18:07]} {[%emt 00:00:27]} d6 {[%clk 01:12:44]} {[%emt 00:05:27]}
8. h3 {[%clk 01:18:05]} {[%emt 00:00:32]} Be6 {[%clk 01:13:00]} {[%emt
00:00:14]} 9. Nd5 {[%clk 01:18:00]} {[%emt 00:00:35]} Nd4 {[%clk 01:09:39]}
{[%emt 00:03:51]} 10. Nxf6+ {[%clk 01:18:10]} {[%emt 00:00:19]} Qxf6 {[%clk
01:09:51]} {[%emt 00:00:17]} 11. Nxd4 {[%clk 01:18:25]} {[%emt 00:00:17]} Bxd4
{[%clk 01:09:38]} {[%emt 00:00:44]} 12. Bxe6 {[%clk 01:18:46]} {[%emt
00:00:09]} fxe6 {[%clk 01:09:57]} {[%emt 00:00:09]} 13. c3 {[%clk 01:18:55]}
{[%emt 00:00:22]} Bxf2+ {[%clk 01:10:10]} {[%emt 00:00:16]} 14. Kh1 {[%clk
01:19:07]} {[%emt 00:00:19]} Qg6 {[%clk 01:09:44]} {[%emt 00:00:55]} 15. Qe2
{[%clk 01:19:09]} {[%emt 00:00:29]} Bc5 {[%clk 01:08:23]} {[%emt 00:01:46]} 16.
Rxf8+ {[%clk 01:19:26]} {[%emt 00:00:17]} Rxf8 {[%clk 01:08:32]} {[%emt
00:00:22]} 17. Be3 {[%clk 01:19:46]} {[%emt 00:00:11]} Bxe3 {[%clk 01:08:43]}
{[%emt 00:00:18]} 18. Qxe3 {[%clk 01:20:04]} {[%emt 00:00:12]} c5 {[%clk
01:08:21]} {[%emt 00:00:51]} 19. b4 {[%clk 01:20:14]} {[%emt 00:00:21]} b6
{[%clk 01:07:42]} {[%emt 00:01:10]} 20. bxc5 {[%clk 01:20:33]} {[%emt
00:00:11]} bxc5 {[%clk 01:07:42]} {[%emt 00:00:30]} 21. Rb1 {[%emt 00:01:53]}
Rf7 {[%clk 01:05:54]} {[%emt 00:00:51]} 22. Rb8+ {[%clk 01:20:55]} {[%emt
00:00:12]} Rf8 {[%clk 01:06:11]} {[%emt 00:00:10]} 23. Rb7 {[%clk 01:21:16]}
{[%emt 00:00:11]} Rf7 {[%clk 01:06:01]} {[%emt 00:00:39]} 24. Rxf7 {[%clk
01:21:38]} {[%emt 00:00:10]} Qxf7 {[%clk 01:06:11]} {[%emt 00:00:18]} 25. Qc1
{[%clk 01:21:58]} {[%emt 00:00:11]} d5 {[%clk 01:06:17]} {[%emt 00:00:24]} 26.
Qa3 {[%clk 01:22:17]} {[%emt 00:00:12]} Qc7 {[%clk 01:04:50]} {[%emt 00:01:52]}
27. Qa6 {[%clk 01:22:27]} {[%emt 00:00:24]} Kf7 {[%clk 01:03:15]} {[%emt
00:02:01]} 28. exd5 {[%clk 01:22:43]} {[%emt 00:00:18]} exd5 {[%clk 01:03:26]}
{[%emt 00:00:19]} 29. Qa4 {[%clk 01:22:27]} {[%emt 00:00:46]} d4 {[%clk
01:01:51]} {[%emt 00:02:06]} 30. Qc4+ {[%clk 01:22:52]} {[%emt 00:00:05]} Kg6
{[%clk 01:00:54]} {[%emt 00:01:25]} 31. Qe6+ {[%clk 01:23:10]} {[%emt
00:00:14]} Kh7 {[%clk 01:00:09]} {[%emt 00:01:12]} 32. cxd4 {[%clk 01:23:28]}
{[%emt 00:00:15]} cxd4 {[%clk 00:59:36]} {[%emt 00:01:01]} 33. Qf5+ {[%clk
01:23:43]} {[%emt 00:00:16]} g6 {[%clk 00:58:56]} {[%emt 00:01:10]} 34. Qf1
{[%clk 01:24:08]} {[%emt 00:00:06]} Kg7 {[%clk 00:58:18]} {[%emt 00:01:05]} 35.
Qe2 {[%emt 00:01:39]} Qc1+ {[%clk 00:57:43]} {[%emt 00:00:02]} 36. Kh2 {[%clk
01:24:29]} {[%emt 00:00:05]} Qc7 {[%clk 00:56:58]} {[%emt 00:01:09]} 37. g3
{[%clk 01:24:40]} {[%emt 00:00:25]} g5 {[%clk 00:56:43]} {[%emt 00:00:43]} 38.
Kg1 {[%clk 01:24:56]} {[%emt 00:00:16]} Kf6 {[%clk 00:55:12]} {[%emt 00:01:57]}
39. Qf3+ {[%clk 01:25:16]} {[%emt 00:00:14]} Kg6 {[%clk 00:53:22]} {[%emt
00:02:19]} 40. Qe4+ {[%clk 01:25:41]} {[%emt 00:00:07]} Kg7 {[%clk 00:52:28]}
{[%emt 00:01:22]} 41. Qd5 {[%clk 01:25:37]} {[%emt 00:00:35]} Qc1+ {[%clk
00:50:24]} {[%emt 00:02:31]} 42. Kg2 {[%clk 01:25:56]} {[%emt 00:00:14]} Qd2+
{[%clk 00:49:44]} {[%emt 00:01:04]} 43. Kh1 {[%clk 01:26:16]} {[%emt 00:00:17]}
Qe1+ {[%clk 00:49:29]} {[%emt 00:00:43]} 44. Kg2 {[%clk 01:26:36]} {[%emt
00:00:10]} Qe2+ {[%clk 00:48:39]} {[%emt 00:01:19]} 45. Kh1 {[%clk 01:26:58]}
{[%emt 00:00:11]} Qf1+ {[%clk 00:46:52]} {[%emt 00:02:11]} 46. Kh2 {[%clk
01:27:23]} {[%emt 00:00:11]} Qf2+ {[%clk 00:46:42]} {[%emt 00:00:38]} 47. Kh1
{[%clk 01:27:41]} {[%emt 00:00:14]} Qxg3 {[%clk 00:46:17]} {[%emt 00:00:53]}
48. Qd7+ {[%clk 01:28:02]} {[%emt 00:00:10]} Kg6 {[%clk 00:46:23]} {[%emt
00:00:22]} 49. Qe6+ {[%clk 01:28:24]} {[%emt 00:00:10]} Kh5 {[%clk 00:45:42]}
{[%emt 00:01:09]} 50. Qf7+ {[%clk 01:28:47]} {[%emt 00:00:09]} Kh4 {[%clk
00:45:40]} {[%emt 00:00:31]} 51. Qh7 {[%clk 01:28:50]} {[%emt 00:00:29]} Qxh3+
{[%clk 00:45:00]} {[%emt 00:01:09]} 52. Kg1 {[%clk 01:29:13]} {[%emt 00:00:07]}
Kg3 {[%clk 00:44:56]} {[%emt 00:00:31]} 53. Qe4 {[%clk 01:21:49]} {[%emt
00:07:56]} Qh2+ {[%clk 00:45:14]} {[%emt 00:00:13]} 54. Kf1 {[%clk 01:22:08]}
{[%emt 00:00:11]} Qf2# {[%emt 00:00:34]} 0-1

[Event "DEM U10w 2023"]
[Site "Willingen GER"]
[Date "2023.06.02"]
[Round "10"]
[White "Birkenheier, Larissa"]
[Black "Gubler, Sarah"]
[Result "1-0"]
[Termination "normal"]
[Board "11"]
[WhiteElo "1210"]
[BlackElo "1139"]
[WhiteClock "00:40:23"]
[BlackClock "00:58:19"]
[PlyCount "59"]
[WhiteFideId "34626379"]
[EventCountry "GER"]
[EventRounds "11"]
[EventType "swiss"]
[EventDate "2023.05.27"]

1. e4 {[%clk 01:15:55]} {[%emt 00:00:04]} e5 {[%clk 01:15:55]} {[%emt
00:00:05]} 2. Nf3 {[%clk 01:16:03]} {[%emt 00:00:22]} Nc6 {[%clk 01:16:18]}
{[%emt 00:00:07]} 3. Bc4 {[%clk 01:16:03]} {[%emt 00:00:30]} Bc5 {[%clk
01:16:35]} {[%emt 00:00:12]} 4. c3 {[%clk 01:15:24]} {[%emt 00:01:11]} Nf6
{[%clk 01:16:52]} {[%emt 00:00:12]} 5. d3 {[%clk 01:14:38]} {[%emt 00:01:16]}
O-O {[%clk 01:17:05]} {[%emt 00:00:17]} 6. a4 {[%clk 01:14:13]} {[%emt
00:00:55]} d5 {[%clk 01:16:49]} {[%emt 00:00:46]} 7. exd5 {[%clk 01:13:14]}
{[%emt 00:01:29]} Nxd5 {[%clk 01:16:46]} {[%emt 00:00:33]} 8. O-O {[%clk
01:11:29]} {[%emt 00:02:15]} Bg4 {[%clk 01:15:26]} {[%emt 00:01:50]} 9. b4
{[%clk 01:09:26]} {[%emt 00:02:34]} Be7 {[%clk 01:14:24]} {[%emt 00:01:31]} 10.
h3 {[%clk 01:08:35]} {[%emt 00:01:21]} Bh5 {[%clk 01:14:21]} {[%emt 00:00:32]}
11. Bb2 {[%clk 01:06:48]} {[%emt 00:02:18]} Nb6 {[%clk 01:12:39]} {[%emt
00:02:13]} 12. Bb3 {[%clk 01:03:45]} {[%emt 00:03:33]} Bd6 {[%clk 01:09:31]}
{[%emt 00:03:37]} 13. a5 {[%clk 00:59:35]} {[%emt 00:04:40]} Nd7 {[%clk
01:09:10]} {[%emt 00:00:51]} 14. b5 {[%clk 00:57:39]} {[%emt 00:02:27]} e4
{[%clk 01:03:48]} {[%emt 00:05:52]} 15. dxe4 {[%clk 00:54:40]} {[%emt
00:03:29]} Nce5 {[%clk 01:03:38]} {[%emt 00:00:38]} 16. Nbd2 {[%clk 00:52:14]}
{[%emt 00:02:57]} Nd3 {[%clk 01:03:05]} {[%emt 00:01:03]} 17. Nc4 {[%clk
00:50:57]} {[%emt 00:01:47]} Nf4 {[%clk 01:03:01]} {[%emt 00:00:33]} 18. Nxd6
{[%clk 00:50:12]} {[%emt 00:01:16]} cxd6 {[%clk 01:02:50]} {[%emt 00:00:40]}
19. Qxd6 {[%clk 00:47:01]} {[%emt 00:03:42]} Bxf3 {[%clk 01:02:13]} {[%emt
00:01:07]} 20. Qxf4 {[%clk 00:46:26]} {[%emt 00:01:04]} Be2 {[%clk 01:01:24]}
{[%emt 00:01:20]} 21. Rfe1 {[%clk 00:45:16]} {[%emt 00:01:41]} Bxb5 {[%clk
01:01:26]} {[%emt 00:00:27]} 22. c4 {[%clk 00:44:49]} {[%emt 00:00:56]} Bc6
{[%clk 01:00:48]} {[%emt 00:01:09]} 23. Qg3 {[%clk 00:44:36]} {[%emt 00:00:43]}
Nf6 {[%clk 01:00:35]} {[%emt 00:00:43]} 24. Red1 {[%clk 00:43:58]} {[%emt
00:01:08]} Qe7 {[%clk 00:59:50]} {[%emt 00:01:11]} 25. Ba3 {[%clk 00:42:58]}
{[%emt 00:01:35]} Qxe4 {[%clk 00:59:47]} {[%emt 00:00:32]} 26. Bxf8 {[%clk
00:42:05]} {[%emt 00:01:23]} Nh5 {[%clk 00:59:59]} {[%emt 00:00:18]} 27. Qf3
{[%clk 00:41:21]} {[%emt 00:01:14]} Qg6 {[%clk 00:58:23]} {[%emt 00:02:04]} 28.
Qg4 {[%clk 00:40:57]} {[%emt 00:00:55]} Qe4 {[%clk 00:57:59]} {[%emt 00:00:54]}
29. Qxe4 {[%clk 00:40:54]} {[%emt 00:00:34]} Bxe4 {[%clk 00:58:19]} {[%emt
00:00:10]} 30. Re1 {[%clk 00:40:23]} {[%emt 00:01:02]} 1-0

[Event "DEM U10w 2023"]
[Site "Willingen GER"]
[Date "2023.06.02"]
[Round "10"]
[White "Ruddat, Maila"]
[Black "Trush, Diana"]
[Result "0-1"]
[Termination "normal"]
[Board "12"]
[WhiteElo "1024"]
[BlackElo "1002"]
[WhiteClock "00:30:32"]
[BlackClock "00:33:53"]
[PlyCount "128"]
[WhiteFideId "34628100"]
[BlackFideId "34644091"]
[EventCountry "GER"]
[EventRounds "11"]
[EventType "swiss"]
[EventDate "2023.05.27"]

1. e4 {[%clk 01:15:56]} {[%emt 00:00:02]} e5 {[%clk 01:15:44]} {[%emt
00:00:16]} 2. Nf3 {[%clk 01:16:08]} {[%emt 00:00:19]} Nc6 {[%clk 01:15:44]}
{[%emt 00:00:29]} 3. Bc4 {[%clk 01:16:07]} {[%emt 00:00:31]} Be7 {[%clk
01:15:56]} {[%emt 00:00:20]} 4. d4 {[%clk 01:16:22]} {[%emt 00:00:14]} exd4
{[%clk 01:14:33]} {[%emt 00:01:53]} 5. Nxd4 {[%clk 01:16:40]} {[%emt 00:00:12]}
Nf6 {[%clk 01:13:59]} {[%emt 00:01:05]} 6. Nc3 {[%clk 01:16:21]} {[%emt
00:00:46]} O-O {[%clk 01:11:53]} {[%emt 00:02:38]} 7. O-O {[%clk 01:16:16]}
{[%emt 00:00:33]} d6 {[%clk 01:09:57]} {[%emt 00:02:28]} 8. h3 {[%clk
01:14:58]} {[%emt 00:01:45]} Nxe4 {[%clk 01:06:17]} {[%emt 00:04:12]} 9. Nxe4
{[%clk 01:14:23]} {[%emt 00:01:06]} d5 {[%clk 01:06:16]} {[%emt 00:00:28]} 10.
Nd2 {[%clk 01:13:08]} {[%emt 00:01:47]} dxc4 {[%clk 01:06:08]} {[%emt
00:00:39]} 11. Nxc6 {[%clk 01:12:44]} {[%emt 00:00:53]} bxc6 {[%clk 01:06:35]}
{[%emt 00:00:04]} 12. Qf3 {[%clk 01:11:50]} {[%emt 00:01:21]} Qd6 {[%clk
01:05:08]} {[%emt 00:01:59]} 13. Nxc4 {[%clk 01:10:32]} {[%emt 00:01:48]} Qc5
{[%clk 01:04:58]} {[%emt 00:00:41]} 14. b3 {[%clk 01:10:16]} {[%emt 00:00:46]}
Be6 {[%clk 01:04:59]} {[%emt 00:00:29]} 15. Ne3 {[%clk 01:09:23]} {[%emt
00:01:21]} Bf6 {[%clk 01:04:53]} {[%emt 00:00:38]} 16. Rb1 {[%clk 01:08:31]}
{[%emt 00:01:22]} Rad8 {[%clk 01:04:24]} {[%emt 00:01:00]} 17. Ng4 {[%clk
01:07:38]} {[%emt 00:01:22]} Be5 {[%clk 01:01:45]} {[%emt 00:03:07]} 18. Nxe5
{[%clk 01:07:18]} {[%emt 00:00:50]} Qxe5 {[%clk 01:01:57]} {[%emt 00:00:19]}
19. Bb2 {[%clk 01:07:22]} {[%emt 00:00:27]} Qd6 {[%clk 01:01:22]} {[%emt
00:01:05]} 20. Rfd1 {[%clk 01:06:47]} {[%emt 00:01:05]} Bd5 {[%clk 01:01:22]}
{[%emt 00:00:30]} 21. Qg4 {[%clk 01:01:48]} {[%emt 00:05:28]} f6 {[%clk
00:57:53]} {[%emt 00:04:01]} 22. c4 {[%clk 01:00:31]} {[%emt 00:01:46]} h5
{[%clk 00:47:47]} {[%emt 00:10:33]} 23. Qxh5 {[%clk 00:58:08]} {[%emt
00:02:55]} Bf7 {[%clk 00:47:19]} {[%emt 00:00:59]} 24. Qf3 {[%clk 00:56:10]}
{[%emt 00:02:28]} Qe7 {[%clk 00:47:30]} {[%emt 00:00:19]} 25. Re1 {[%clk
00:54:13]} {[%emt 00:02:26]} Qb4 {[%clk 00:47:20]} {[%emt 00:00:42]} 26. Re4
{[%clk 00:49:42]} {[%emt 00:04:59]} Bg6 {[%clk 00:47:08]} {[%emt 00:00:43]} 27.
Bc3 {[%clk 00:39:18]} {[%emt 00:10:53]} Qc5 {[%clk 00:46:47]} {[%emt 00:00:52]}
28. b4 {[%clk 00:37:07]} {[%emt 00:02:40]} Qb6 {[%clk 00:46:02]} {[%emt
00:01:16]} 29. c5 {[%clk 00:33:48]} {[%emt 00:03:49]} Qb5 {[%clk 00:46:23]}
{[%emt 00:00:10]} 30. Rbe1 {[%clk 00:31:26]} {[%emt 00:02:49]} Bxe4 {[%clk
00:45:45]} {[%emt 00:01:09]} 31. Rxe4 {[%clk 00:31:20]} {[%emt 00:00:36]} Qd3
{[%clk 00:45:28]} {[%emt 00:00:48]} 32. Re3 {[%clk 00:30:02]} {[%emt 00:01:47]}
Qd1+ {[%clk 00:45:35]} {[%emt 00:00:24]} 33. Qxd1 {[%clk 00:30:18]} {[%emt
00:00:13]} Rxd1+ {[%clk 00:46:04]} {[%emt 00:00:02]} 34. Re1 {[%clk 00:30:30]}
{[%emt 00:00:17]} Rxe1+ {[%emt 00:00:08]} 35. Bxe1 {[%emt 00:00:09]} g5 {[%clk
00:44:13]} {[%emt 00:02:05]} 36. a4 {[%clk 00:30:32]} {[%emt 00:00:29]} Rb8
{[%clk 00:44:19]} {[%emt 00:00:24]} 37. Bc3 {[%clk 00:30:36]} {[%emt 00:00:25]}
Kg7 {[%clk 00:36:38]} {[%emt 00:08:12]} 38. g4 {[%clk 00:29:55]} {[%emt
00:01:09]} Rd8 {[%clk 00:36:11]} {[%emt 00:00:57]} 39. b5 {[%clk 00:28:47]}
{[%emt 00:01:39]} cxb5 {[%clk 00:36:14]} {[%emt 00:00:25]} 40. axb5 {[%clk
00:28:36]} {[%emt 00:00:42]} Rd3 {[%clk 00:36:28]} {[%emt 00:00:17]} 41. Ba5
{[%clk 00:28:45]} {[%emt 00:00:20]} Rxh3 {[%clk 00:36:14]} {[%emt 00:00:44]}
42. Bxc7 {[%clk 00:28:54]} {[%emt 00:00:22]} Rh4 {[%clk 00:35:21]} {[%emt
00:01:23]} 43. f3 {[%clk 00:29:12]} {[%emt 00:00:11]} Kg6 {[%clk 00:35:39]}
{[%emt 00:00:13]} 44. Ba5 {[%clk 00:29:18]} {[%emt 00:00:24]} f5 {[%clk
00:35:40]} {[%emt 00:00:29]} 45. gxf5+ {[%clk 00:29:28]} {[%emt 00:00:20]} Kxf5
{[%emt 00:00:07]} 46. c6 {[%clk 00:29:42]} {[%emt 00:00:10]} Rh8 {[%clk
00:36:21]} {[%emt 00:00:17]} 47. b6 {[%clk 00:29:44]} {[%emt 00:00:30]} axb6
{[%clk 00:36:40]} {[%emt 00:00:11]} 48. Bxb6 {[%clk 00:30:03]} {[%emt
00:00:10]} Kf4 {[%clk 00:37:00]} {[%emt 00:00:10]} 49. Kg2 {[%clk 00:29:46]}
{[%emt 00:00:47]} Rc8 {[%clk 00:37:07]} {[%emt 00:00:23]} 50. c7 {[%clk
00:29:57]} {[%emt 00:00:19]} Re8 {[%clk 00:37:14]} {[%emt 00:00:23]} 51. Ba5
{[%clk 00:29:38]} {[%emt 00:00:48]} Rf8 {[%clk 00:37:27]} {[%emt 00:00:18]} 52.
Kf2 {[%clk 00:29:22]} {[%emt 00:00:46]} Re8 {[%clk 00:36:29]} {[%emt 00:01:27]}
53. Kg2 {[%clk 00:29:08]} {[%emt 00:00:44]} Rc8 {[%clk 00:35:08]} {[%emt
00:01:53]} 54. Kf2 {[%clk 00:28:55]} {[%emt 00:00:41]} Re8 {[%clk 00:34:52]}
{[%emt 00:00:47]} 55. Kg2 {[%clk 00:29:11]} {[%emt 00:00:14]} Re2+ {[%clk
00:35:02]} {[%emt 00:00:20]} 56. Kf1 {[%clk 00:29:06]} {[%emt 00:00:35]} Rc2
{[%clk 00:31:19]} {[%emt 00:04:12]} 57. Ke1 {[%clk 00:28:54]} {[%emt 00:00:43]}
Kxf3 {[%clk 00:31:33]} {[%emt 00:00:16]} 58. Kd1 {[%clk 00:28:59]} {[%emt
00:00:24]} Rc5 {[%clk 00:31:50]} {[%emt 00:00:13]} 59. Bb6 {[%clk 00:29:16]}
{[%emt 00:00:13]} Rc6 {[%clk 00:32:12]} {[%emt 00:00:09]} 60. Ba5 {[%clk
00:29:36]} {[%emt 00:00:10]} g4 {[%clk 00:32:35]} {[%emt 00:00:07]} 61. Kd2
{[%clk 00:29:49]} {[%emt 00:01:15]} g3 {[%clk 00:33:17]} {[%emt 00:00:17]} 62.
Kd3 {[%clk 00:30:10]} {[%emt 00:00:09]} g2 {[%clk 00:33:18]} {[%emt 00:00:29]}
63. Kd4 {[%clk 00:30:31]} {[%emt 00:00:08]} g1=Q+ {[%clk 00:33:36]} {[%emt
00:00:12]} 64. Kd5 {[%clk 00:30:32]} {[%emt 00:00:29]} Qc5# {[%clk 00:33:53]}
{[%emt 00:00:13]} 0-1

[Event "DEM U10w 2023"]
[Site "Willingen GER"]
[Date "2023.06.02"]
[Round "10"]
[White "Greither, Flora"]
[Black "Guruprasad, Aditi"]
[Result "1-0"]
[Termination "normal"]
[Board "15"]
[WhiteElo "978"]
[BlackElo "893"]
[WhiteClock "01:00:27"]
[BlackClock "00:34:43"]
[PlyCount "47"]
[WhiteFideId "533000697"]
[EventCountry "GER"]
[EventRounds "11"]
[EventType "swiss"]
[EventDate "2023.05.27"]

1. e4 {[%clk 01:15:59]} {[%emt 00:00:01]} e5 {[%emt 00:00:14]} 2. Nf3 {[%clk
01:16:23]} {[%emt 00:00:01]} Nc6 {[%clk 01:16:00]} {[%emt 00:00:21]} 3. Bb5
{[%clk 01:16:45]} {[%emt 00:00:07]} d6 {[%clk 01:14:21]} {[%emt 00:02:09]} 4.
h3 {[%clk 01:17:06]} {[%emt 00:00:09]} Nf6 {[%clk 01:10:57]} {[%emt 00:03:55]}
5. Nc3 {[%clk 01:17:23]} {[%emt 00:00:12]} Bd7 {[%clk 01:09:10]} {[%emt
00:02:17]} 6. O-O {[%clk 01:13:42]} {[%emt 00:04:12]} a6 {[%clk 01:06:40]}
{[%emt 00:03:00]} 7. Ba4 {[%clk 01:12:48]} {[%emt 00:01:23]} Be7 {[%clk
01:04:29]} {[%emt 00:02:42]} 8. d3 {[%clk 01:13:02]} {[%emt 00:00:15]} h6
{[%clk 01:04:44]} {[%emt 00:00:15]} 9. Be3 {[%clk 01:13:19]} {[%emt 00:00:14]}
O-O {[%clk 01:05:00]} {[%emt 00:00:14]} 10. Nh4 {[%clk 01:09:52]} {[%emt
00:03:57]} b5 {[%clk 01:02:13]} {[%emt 00:03:17]} 11. Bb3 {[%clk 01:09:15]}
{[%emt 00:01:07]} Nxe4 {[%clk 00:55:22]} {[%emt 00:07:21]} 12. Nxe4 {[%clk
01:07:30]} {[%emt 00:02:15]} Bxh4 {[%clk 00:55:35]} {[%emt 00:00:16]} 13. Bd5
{[%clk 01:07:40]} {[%emt 00:00:20]} Bg5 {[%clk 00:48:26]} {[%emt 00:07:37]} 14.
Nxg5 {[%clk 01:07:36]} {[%emt 00:00:36]} hxg5 {[%clk 00:48:32]} {[%emt
00:00:24]} 15. Be4 {[%clk 01:07:26]} {[%emt 00:00:41]} g6 {[%clk 00:45:42]}
{[%emt 00:03:19]} 16. Qd2 {[%clk 01:04:11]} {[%emt 00:03:45]} Kg7 {[%clk
00:44:19]} {[%emt 00:01:54]} 17. Bxg5 {[%clk 01:03:36]} {[%emt 00:01:04]} f6
{[%clk 00:43:33]} {[%emt 00:01:15]} 18. Bh6+ {[%clk 01:02:37]} {[%emt
00:01:28]} Kf7 {[%clk 00:43:55]} {[%emt 00:00:10]} 19. Bd5+ {[%clk 01:02:12]}
{[%emt 00:00:55]} Ke7 {[%clk 00:43:52]} {[%emt 00:00:31]} 20. d4 {[%clk
01:01:52]} {[%emt 00:00:52]} Rh8 {[%clk 00:42:28]} {[%emt 00:01:43]} 21. dxe5
{[%clk 01:01:52]} {[%emt 00:00:40]} dxe5 {[%clk 00:42:17]} {[%emt 00:00:31]}
22. Be3 {[%clk 01:01:31]} {[%emt 00:01:00]} Be8 {[%clk 00:38:56]} {[%emt
00:03:49]} 23. Rad1 {[%clk 01:00:48]} {[%emt 00:01:16]} Kd7 {[%clk 00:34:43]}
{[%emt 00:04:42]} 24. Qc3 {[%clk 01:00:27]} {[%emt 00:00:51]} 1-0